00466nam a2200157Ia 4500003000900000008004100009020001800050040001600068080001700084100001800101245009800119260004000217300001000257650001900267650002200286IN-BaIIA211028s9999 xx 000 0 eng d a81-7371-242-5 cIIA Library a530.145bGRI aGribbin, John 0aSchrodinger's Kittens and the search for realitybsolving the quantum mysteriescJohn Gribbin aHyderabadbUniversities Pressc1999 a261p. aQuantum Theory aRelativity Theory